| 000 | 00347 a2200157 4500 | ||
|---|---|---|---|
| 001 | 172296 | ||
| 020 | _a | ||
| 040 | _cMagnum | ||
| 100 | _a- | ||
| 240 | 1 | 0 |
_aBichinhos travessos/melhoramentos _lpor |
| 245 | 1 | 0 | _aBichinhos travessos/melhoramentos |
| 362 | 0 | _a1899 | |
| 440 | 1 | _aMelhoramentos | |
| 697 | _aI/AVENTURA, CRIANCAS | ||
| 942 | _cBK | ||
| 999 |
_c172296 _d172296 |
||